LEADER 01063nam a2200253 i 4500 001 000000223969 003 CaOOAMICUS 005 20131023000000.0 008 131023s1947 xx u000 u fre u 013 $a202867 040 $aSeMil$bita 100 1 $aDaniel-Rops,$c.$0(OLS)http://semarc/name/5511 245 10$aHistoire sainte :$ble peuple de la Bible /$cDaniel-Rops. 250 $aEdition revue et corrigée. 260 $aParis :$bFayard,$c1947. 300 $a446 p. :$bill. ;$c19 cm. 490 0 $aLes grands études historiques 500 $aContiene : Tableau chronologique ; Indications Bibliographiques. 650 4$aBibbia - Popolo di Dio.$0(OLS)http://semarc/subject/40957 830 4$aLes grands études historiques.$0(OLS)http://semarc/title/22203 850 $aSeMil 852 $aSeMil$W1$xVenegono$y1$m2V II 157$j174315$B174315$CSeMilBibl$Z2$F184451 $81 996 $6245$aHistoire sainte :$ble peuple de la Bible$9(OLS)http://semarc/title/321084 996 $6260$aParis :$bFayard$9(OLS)http://semarc/publisher/29821 LEADER 01160nam a2200277 i 4500 001 000000196863 003 CaOOAMICUS 005 20110202000000.0 008 110202s2009 it u000 u ita u 013 $a175547 020 $a88-6026-055-8 040 $aSeMil$bita 100 1 $aPompedda, Mario Francesco .$0(OLS)http://semarc/name/4652 245 13$aIl Vangelo della Giustizia /$cMario Francesco Pompedda ; a cura di Marco Cecilia. 260 $aNapoli :$bLuciano,$c2009. 300 $a356 p. ;$c25 cm. 500 $aDono del card. Dionigi Tettamanzi. 650 4$aPompedda, Mario F. - Scritti, discorsi, omelie, lettere pastorali, etc.$0(OLS)http://semarc/subject/36935 700 1 $aCecilia, Marco.$0(OLS)http://semarc/name/71328 850 $aSeMil 852 $aSeMil$W1$xVenegono$y1$m3G IV 324$j147426$B147426$CSeMilBibl$Z2$F165818 $81 941 1 $a5 961 $aOmaggio: Altro 996 $6020$a88-6026-055-8$9(OLS)http://semarc/number/188882 996 $6245$aIl Vangelo della Giustizia$9(OLS)http://semarc/title/284261 996 $6260$aNapoli :$bLuciano$9(OLS)http://semarc/publisher/31988